[Event "IRL-chT"]
[Site "Dublin"]
[Date "2019.04.06"]
[Round "3.3"]
[White "Barrett, Conor"]
[Black "Honner, Mervyn"]
[Result "1-0"]
[WhiteElo "1655"]
[BlackElo "1441"]
[PlyCount "145"]
[EventDate "2019.04.05"]
[EventType "team-swiss"]
[EventRounds "5"]
[EventCountry "IRL"]
[SourceTitle "CBM 189 Extra"]
[Source "ChessBase"]
[SourceDate "2019.06.03"]
[SourceVersion "1"]
[SourceVersionDate "2019.06.03"]
[SourceQuality "1"]
[WhiteTeam "Ballinasloe"]
[BlackTeam "Bray"]
[WhiteTeamCountry "IRL"]
[BlackTeamCountry "IRL"]

1. e4 e5 2. Nf3 Nc6 3. Bc4 Bc5 4. d3 h6 5. Nc3 Nf6 6. Be3 Bxe3 7. fxe3 Ng4 8. Qe2 Qe7 9. Nd5 Qd6 10. Nh4 Nxe3 11. Qxe3 Nd4 12. Qf2 0-0 13. 0-0 b5 14. Bb3 Nxb3 15. axb3 c6 16. Nf5 Qb8 17. Nf6+ Kh8 18. Qg3 g6 19. Nxh6 Qd6 20. Nhg4 Kg7 21. Ne3 Qc5 22. Nfg4 d6 23. Kh1 Rh8 24. Qf3 Be6 25. Qf6+ Kg8 26. Rac1 a5 27. Qg5 Kf8 28. Qxg6 Ke7 29. Qg5+ Kd7 30. Rf3 Kc7 31. Qe7+ Kb6 32. Nf6 Ra7 33. Nfd5+ cxd5 34. Qf6 Rg8 35. exd5 Bxd5 36. Nxd5+ Qxd5 37. Qh6 Ka6 38. c4 bxc4 39. bxc4 Qc6 40. Qd2 Rc7 41. Ra1 Qb6 42. b4 Rb8 43. b5+ Kb7 44. Qxa5 Qxa5 45. Rxa5 Kb6 46. Ra1 Kc5 47. Re1 Ra8 48. h4 Rh8 49. g3 Ra7 50. Kh2 Ra2+ 51. Kh3 Rh7 52. Rb1 Kd4 53. b6 Ra8 54. Rb5 Kc3 55. Rd5 e4 56. dxe4+ Kxc4 57. Rxd6 Rb8 58. e5 Kc5 59. Rdf6 Rb7 60. e6 fxe6 61. Rxe6 Rhd7 62. h5 Rd1 63. g4 Rbd7 64. Rf5+ Kc4 65. Rc6+ Kb4 66. Rc7 R7d3+ 67. Kh4 Rg1 68. Rf4+ Ka5 69. b7 Rb3 70. Kg5 Rgb1 71. h6 Rxb7 72. Rxb7 Rxb7 73. Kg6 1-0

[Event "EU-Cup 34th"]
[Site "Porto Carras"]
[Date "2018.10.17"]
[Round "6.5"]
[White "Barrett, Conor"]
[Black "Mahmuti, Ajet"]
[Result "1-0"]
[WhiteElo "1643"]
[BlackElo "1993"]
[PlyCount "53"]
[EventDate "2018.10.12"]
[EventType "team-swiss"]
[EventRounds "7"]
[EventCountry "GRE"]
[SourceTitle "CBM 187"]
[Source "ChessBase"]
[SourceDate "2018.12.11"]
[SourceVersion "1"]
[SourceVersionDate "2018.12.11"]
[SourceQuality "1"]
[WhiteTeam "Ballinasloe"]
[BlackTeam "Dardania"]
[WhiteTeamCountry "IRL"]
[BlackTeamCountry "KOS"]

1. e4 e5 2. Nf3 Nc6 3. Bc4 Bc5 4. d3 d6 5. h3 h6 6. Nc3 a6 7. a3 Nf6 8. 0-0 Be6 9. Ba2 Qd7 10. Kh2 0-0 11. Be3 Nh7 12. Qd2 f5 13. Bxe6+ Qxe6 14. Bxc5 dxc5 15. Nd5 Rf7 16. Rad1 fxe4 17. dxe4 Raf8 18. Nh4 g5 19. Nf5 Nd4 20. Nde3 Re8 21. c3 Nb3 22. Qd5 c6 23. Qxe6 Rxe6 24. Rd8+ Nf8 25. Nd6 Rc7 26. Nef5 Rf6 27. Ne8 1-0

[Event "IRL-chT"]
[Site "Dublin"]
[Date "2016.04.23"]
[Round "2"]
[White "Barrett, Conor"]
[Black "Hogan, Pat"]
[Result "1/2-1/2"]
[WhiteElo "1407"]
[BlackElo "1792"]
[PlyCount "59"]
[EventDate "2016.04.23"]
[EventType "team-swiss"]
[EventRounds "4"]
[EventCountry "IRL"]
[SourceTitle "EXT 2023"]
[Source "ChessBase"]
[SourceDate "2022.10.05"]
[SourceVersion "1"]
[SourceVersionDate "2022.10.05"]
[SourceQuality "1"]

1. e4 d6 2. d4 Nf6 3. Nc3 g6 4. Nf3 Bg7 5. h3 0-0 6. Bc4 c6 7. 0-0 b5 8. Bd3 Nbd7 9. e5 dxe5 10. dxe5 Ne8 11. Re1 Nc5 12. Bg5 h6 13. Bh4 Nxd3 14. Qxd3 Qxd3 15. cxd3 g5 16. Bg3 Nc7 17. Nd4 Bd7 18. Ne4 Ne6 19. Nf5 Rfe8 20. Nxg7 Kxg7 21. Rac1 Red8 22. Red1 Nd4 23. Kf1 Bf5 24. f4 gxf4 25. Bxf4 Be6 26. b3 Bd5 27. Be3 Ne6 28. Nc3 Rd7 29. Nxd5 cxd5 30. d4 1/2-1/2